000 00506nam a2200193 a 4500
001 1757847043836
003 ACL
005 20250914162659.0
008 250914s2008##################000#0#eng##
020 _a9780230517363
082 0 4 _a791.430947
_bHUT
100 1 _aHutchings, Stephen,
_eauthor.
245 1 0 _aRussia and Its Other(s) on Film :
260 _bPalgrave MacMillan,
_c2008.
300 _a266 pages
650 0 _aLanguage Arts & Disciplines.
942 _cENGLISH
040 _aACL
_beng
_cACL
999 _c586746
_d586746